| 000 | 00603 a2200193 4500 | ||
|---|---|---|---|
| 010 | _aENG-90206 | ||
| 020 |
_a8190558105 _c720.00 |
||
| 035 | _aEN-70739 | ||
| 037 | _bDBAD / PUB | ||
| 082 | 1 | 4 | _a920 |
| 090 |
_c12836 _d12836 |
||
| 100 | 1 | _aJaved Khan Gourasi | |
| 245 | 1 |
_aProuds of India/ _cby Javed Khan Gourasi |
|
| 260 |
_aDelhi _bKhurana Book _c2007 |
||
| 270 |
_aHouse No.568, Dr. Mukherji Nagar, _bDelhi _e110009 _cDelhi |
||
| 300 |
_a288p. _c22cm (Hb) |
||
| 942 |
_adpl _cEN _k 920 / JAV |
||
| 999 |
_c12471 _d12471 |
||